| 000 | 007680000a22002530004500 | ||
|---|---|---|---|
| 001 | 199695 | ||
| 010 | _a972.31-0808-9 | ||
| 021 |
_aPT _b125482/92 |
||
| 090 | _a199695 | ||
| 100 | _a20220331 frey50 | ||
| 200 |
_aObras completas _fDelfim Santos |
||
| 210 |
_aLisboa _cFundação Calouste Gulbenkian _dD.L.1998 |
||
| 215 |
_a488 p _cencadernado _d22 cm |
||
| 225 | _aCultura portuguesa | ||
| 327 | _a 4o v.: Correspondência. - 1998. - 488 p. | ||
| 606 |
_aFilosofia _932 |
||
| 610 | _aSantos Delfim 1907-1966 -- Correspondência | ||
| 610 | _aFilosofia -- [Cartas] | ||
| 675 |
_a1Santos, Delfim _zPT _vpor |
||
| 675 |
_a821.134.3-6"19" _zPT _vpor |
||
| 700 |
_aSantos _915494 _f1907-1966 _bDelfim |
||
| 801 |
_aPT _bBMMN _gRPC |
||
| 830 |
_cAna _fAna |
||
| 990 | _cLIVROS | ||